| 000 | 00000nam##2200000za#4500 |
| 001 | 9.599572 |
| 003 | CaOODSP |
| 005 | 20210624205134 |
| 007 | cr ||||||||||| |
| 008 | 150406|2004||||xxc|||||o f|0| 0 fre|d |
| 020 | |a978-1-100-95768-5 |
| 040 | |aCaOODSP|bfre |
| 043 | |an-cn--- |
| 086 | 1 |aEn1-34/8-2004F-PDF |
| 110 | 1 |aCanada. |bEnvironnement Canada. |
| 245 | 10|aCadre d'orientation canadien pour la gestion du phosphore dans les écosystèmes d'eau douce / |h[ressource électronique]|cDocument préparé et publié par le Bureau national des recommandations et des normes, Direction générale de la coordination et des politiques relatives à l'eau. |
| 260 | |aOttawa - Ontario : |bEnvironnement Canada |c2004. |
| 300 | |a149p.|bfigures, glossaire, graphiques, références, tableaux |
| 490 | 1 |aLa santé de l'écosytème, solutions fondées sur la science|vRapport n° 1-8 |
| 546 | |a(Abstract in English and French.) |
| 590 | |a11-04-Supp|b2011-02-17 |
| 775 | 08|tCanadian guidance framework for the management of phosphorus in freshwater systems : |w(CaOODSP)9.558791 |
| 830 | #0|aLa santé de l'écosytème, solutions fondées sur la science ;|vRapport n° 1-8|w(CaOODSP)9.500919 |
| 856 | 40|ahttp://publications.gc.ca|qPDF|s2888 Ko|uhttps://publications.gc.ca/collections/collection_2011/ec/En1-34-8-2004-fra.pdf|yRapport n° 1-8 |